Quizzes
Events
Quiz Creation
Community
Videos
Private Events
Remove Ads
Sign In
Join for FREE
Feedback
Dark Mode
Quiz Categories
Sports
Geography
Music
Movies
Television
Just For Fun
Miscellaneous
History
Literature
Language
Science
Gaming
Entertainment
Religion
Holiday
For Kids
Quiz Lab
Recent
Popular Today
Quiz Kudos Today
Editor Picks
Curator Picks
Quizzes by...
Day
Popularity
Type
Ratings
Length
Year
Community
Subscriptions
Recent Discussions
Orange Saloon
Badges
Playlists
Quests
Create
Leaderboards
Showdown
Live 5
Trivia Bingo
Activity
Puzzle Library
Sporcle Events
Private Events
Virtual Trivia
Globe League
Become a Host
Pub Owners
SporcleCon
Opinionation
Our Games
Videos
Blog
Mobile Apps
Partnerships
Remove Ads and Go Orange
Feedback
Sports
Athletes
MLB
NBA
NHL
NFL
Soccer
Sports Teams
WWE
NCAA
Football
Premier League
Basketball
Baseball
Hockey
Golf
Tennis
Cricket
Rugby
Auto Racing
Olympics
World Cup
Sports
Athletes
MLB
NBA
NHL
NFL
Soccer
Sports Teams
WWE
NCAA
Football
Premier League
Basketball
Baseball
Hockey
Golf
Tennis
Cricket
Rugby
Auto Racing
Olympics
World Cup
Random Quiz
Search Sporcle
×
Quiz Lab
Quiz Lab
Sports
NFL
Type in answers that appear in a list
Type in answers that appear in a list
Classic
Best Score? Go Orange.
100 yards receiving in Super Bowl Stats
Can you name the players who have had 100 yards receiving in a Super Bowl game?
By
gwf323
5m
38 Questions
701 Plays
701 Plays
701 Plays
Comments
Comments
Give Quiz Kudos
Give Quiz Kudos
-
- Ratings
hide this ad
Replay
Link that replays current quiz
Next Quiz
Link to next quiz in quiz playlist
You Got
0%
They Got
Avg Score
59%
Avg Friend Score
Upgrade to see
Score Distribution
Jump to the score distribution portion of the page
Score
0/38
Timer
05:00
0
Plays Today
yards
player
% Correct
215
Jerry Rice
98.4%
149
Jerry Rice
98.4%
148
Jerry Rice
98.4%
123
Hines Ward
91.6%
162
Isaac Bruce
90.3%
152
Rod Smith
89.7%
109
Torry Holt
89%
143
Deion Branch
83.5%
133
Deion Branch
83.5%
161
Lynn Swann
81.5%
124
Lynn Swann
81.5%
122
Terrell Owens
81.5%
127
Larry Fitzgerald
81.2%
114
Michael Irvin
81.2%
131
Santonio Holmes
78.2%
152
Andre Reed
74.2%
140
Muhsin Muhammad
73.2%
126
Antonio Freeman
70.9%
105
Antonio Freeman
70.9%
yards
player
% Correct
113
Art Monk
67.2%
103
Wes Welker
65.6%
121
John Stallworth
63.8%
115
John Stallworth
63.8%
104
Anquan Boldin
58%
114
Gary Clark
52.9%
109
Michael Crabtree
44.9%
121
Vance Johnson
44.5%
109
Hakeem Nicks
44.1%
193
Ricky Sanders
41.9%
107
Cris Collinsworth
39.5%
129
Willie Gault
35.7%
104
Vernon Davis
35.3%
138
Max McGee
34%
101
Roger Craig
34%
140
Jordy Nelson
28.5%
104
Dan Ross
22.8%
133
George Sauer, Jr.
15.4%
111
John Henderson
4.1%
Quiz Playlist
Details
Report
Send in Message
Add To Playlist
Classic:
Type in answers that appear in a list
Quiz Source
Last Updated: Feb 16, 2017
Quiz Scoreboard
CHALLENGE
Sign Up to Join the Scoreboard
Show All
Scores
Hide
Comments
May contain spoilers
Recently Published
College Basketball Coaching Resumes
by pancakes188
Sports
9m
Billboard Blitz: Fleetwood Mac
by CooCooCachoo
Music
15s
Presidents Visiting Landmarks
by Hejman
History
7m
More to Explore
Quiz From the Vault
Featured Blog Post
Where Did the Easter Bunny Come From?
hide this ad
You Might Also Like...
Tags
NFL Quiz
Super Bowl
Today's Top Quizzes in Sports
Browse Sports
hide this ad
Today's Top Quizzes in NFL
Browse NFL
Top Contributed Quizzes in Sports
1
2022 World Cup Stars
2
Les meilleurs buteurs des matchs entre le PSG et l’OM
3
FIFA Club World Cup Champions
4
Les entraîneurs de l'OM et du PSG au 21e siècle
5
Criteria MLB: Left Handed Sluggers
6
AFC Teams Reveal (Wrong Answers Minefield)
7
5-to-1: UK Sports Teams
8
5-to-1: FBS Animal Nicknames
9
2023 MLB Unique Player Accomplishments
10
Name the Premier League winners with different clubs
Explore More
Trending Topics
Anime
NBA
Marvel
Kpop
Disney
Harry Potter
Crossword
Puzzle
The Office
Pokémon
WWE
Country
Song
Soccer
NFL
hide this ad
More By:
gwf323
Quiz
Plays
Rating
Category
Featured
Created
NBA Opening Night (2013-14)
47,998
4.67
Sports
Oct 31, 2013
NBA Opening Night starting lineups 1993-94
10,627
4.74
Sports
Nov 2, 2013
MLB World Series Starting Lineups (2000s)
7,921
4.68
Sports
Jun 6, 2011
MLB Last ten HR leaders for each AL team
4,347
3.88
Sports
Jun 3, 2011
NFL Last 200 yard rusher by team
4,255
4.64
Sports
Oct 30, 2013
Go to Creator's Profile
Score Distribution
Quiz Creator Spotlight
gwf323
Follow
Send a Message
Quizzes Created
-
Created Quiz Play Count
-
More By This Creator
Popular Quizzes Today
1
Find the US States - No Outlines Minefield
2
Find the Countries of Europe - No Outlines Minefield
3
The Countries of the World
4
Find the US States
5
Risky Map Clicking: Biggest States A-Z
6
US States
7
Popular People in 1961
8
Movies - When Are They Set?
More Sports Quizzes
NBA Top 200 Scorers (2010s)
Quiz Lab
Trending Quizzes
Risky Map Clicking: Least Populous States A-Z
1-10 Letter G Words
1-10 Letter F Words
Risky Map Clicking: Next State Alphabetically
Risky Map Clicking: Biggest States A-Z
Recently Updated
Leaping Animals
pecheneg
Reality TV Shows (A-Z)
bhenderson79
Rickey Henderson's Hall of Fame Teammates
pecheneg
Champions League XIs: Arsenal
pecheneg
Quick Pick: Celebrities in WWE's Hall of Fame
aduchscher
A-Z Keypad Blitz II
pecheneg
Multiple Oscar Actors
pecheneg
Mystery Phrase Blitz: Oscar 'Best Actors'
pecheneg
F. Scott Fitzgerald Novels
LTH
Pick 3 Villains
ddd62291
Trending Topics
NBA
Kpop
Disney
Crossword
Anime
Marvel
Harry Potter
WWE
Song
Puzzle
The Office
Soccer
Pokémon
Country
NFL
Your Account Isn't Verified!
In order to create a playlist on Sporcle, you need to verify the email address you used during registration. Go to your
Sporcle Settings
to finish the process.
Report this User
Report this user for behavior that violates our
Community Guidelines
.
Details:
Send Report
Go to the Sporcle.com Mobile Site →
Comments